[Event "Thüringenliga 2025/26"]
[Site "?"]
[Date "2026.04.26"]
[Round "9.8"]
[White "Reichel, Norbert"]
[Black "Michael, Torsten"]
[Result "1/2-1/2"]
[WhiteElo "1906"]
[BlackElo "1749"]
[WhiteFideId "-1"]
[BlackFideId "-1"]
[PlyCount "32"]
[GameId "2306054748913867"]
[EventDate "2025.09.14"]
[EventType "team-tourn"]
[EventRounds "9"]
[SourceTitle "Thueringer Schachbund"]
[Source "ThSB"]
[SourceDate "2025.09.14"]
[SourceVersion "1"]
[SourceVersionDate "2025.09.14"]
[SourceQuality "1"]
[WhiteTeam "SV Medizin Erfurt"]
[BlackTeam "Ilmenauer SV"]

{[%evp 0,32,21,-9,-2,-2,-2,-32,-7,-4,14,6,3,-8,20,12,21,13,16,15,0,-11,-12,-26,-29,-23,-14,-14,-22,-29,-37,-24,-25,-49,-49]} 1. c4 e6 2. Nf3 d5 3. g3 Nf6 4. Bg2 Be7 5. O-O O-O 6. b3 c6 7. Bb2 Nbd7 8. d3 b5 9. cxb5 cxb5 10. Nbd2 Bb7 11. Re1 Qb6 12. Bd4 Bc5 13. Bxc5 Nxc5 14. d4 Ncd7 15. b4 Qd6 16. Qb3 Nb6 1/2-1/2

[Event "Landesklasse Ost 2025/26"]
[Site "?"]
[Date "2026.04.26"]
[Round "9.1"]
[White "Wentzel, Florian"]
[Black "Koksch, Robert"]
[Result "1-0"]
[WhiteElo "2053"]
[BlackElo "1884"]
[WhiteFideId "-1"]
[BlackFideId "-1"]
[PlyCount "87"]
[GameId "562927027258"]
[EventDate "2025.09.14"]
[EventType "team-tourn"]
[EventRounds "9"]
[SourceTitle "Thueringer Schachbund"]
[Source "ThSB"]
[SourceDate "2025.09.14"]
[SourceVersion "1"]
[SourceVersionDate "2025.09.14"]
[SourceQuality "1"]
[WhiteTeam "TV 1887 Germania Hermsdorf"]
[BlackTeam "ESV Lok Sömmerda"]

{[%evp 0,87,39,27,59,60,55,32,47,25,72,59,55,34,33,49,39,16,31,21,25,18,25,21,27,23,18,30,29,35,47,46,32,39,39,45,53,59,57,58,60,68,111,86,99,94,97,110,83,65,69,71,74,74,66,21,90,88,87,67,70,68,89,94,122,124,127,99,129,137,143,145,148,148,148,86,155,169,178,86,88,76,101,53,297,305,301,308,283,244]} 1. e4 c6 2. Nf3 d5 3. Nc3 dxe4 4. Nxe4 Bg4 5. Bc4 e6 6. h3 Bxf3 7. Qxf3 Nd7 8. Bb3 Ngf6 9. Nxf6+ Qxf6 10. Qxf6 Nxf6 11. d4 O-O-O 12. Be3 Nd5 13. O-O Be7 14. Bd2 Bf6 15. c3 e5 16. dxe5 Bxe5 17. Rfe1 f6 18. Rad1 Rhe8 19. g3 b6 20. Kg2 Bb8 21. c4 Rxe1 22. Rxe1 Nc7 23. Bc3 Re8 24. Rxe8+ Nxe8 25. Bc2 h6 26. Kf3 Nd6 27. Kg4 Kd8 28. Kh5 Ke7 29. Kg6 Kf8 30. Bd3 Nf7 31. f4 Bd6 32. Be4 c5 33. h4 Be7 34. g4 Bd6 35. Bd5 Nh8+ 36. Kh7 Nf7 37. g5 hxg5 38. fxg5 Be5 39. gxf6 gxf6 40. Kg6 Nh8+ 41. Kf5 Ke7 42. Bxe5 fxe5 43. Kxe5 Ng6+ 44. Kf5 1-0

[Event "Landesklasse Ost 2025/26"]
[Site "?"]
[Date "2026.04.26"]
[Round "9.3"]
[White "Hadlich, Gerald"]
[Black "Kühn, Martin"]
[Result "1/2-1/2"]
[WhiteElo "1765"]
[BlackElo "2025"]
[WhiteFideId "-1"]
[BlackFideId "-1"]
[PlyCount "102"]
[GameId "562930132885"]
[EventDate "2025.09.14"]
[EventType "team-tourn"]
[EventRounds "9"]
[SourceTitle "Thueringer Schachbund"]
[Source "ThSB"]
[SourceDate "2025.09.14"]
[SourceVersion "1"]
[SourceVersionDate "2025.09.14"]
[SourceQuality "1"]
[WhiteTeam "TV 1887 Germania Hermsdorf"]
[BlackTeam "ESV Lok Sömmerda"]

{[%evp 0,102,19,21,50,36,36,32,36,24,24,13,27,11,53,18,30,34,17,39,76,14,31,34,41,33,29,20,52,-44,21,18,79,80,71,69,86,31,111,127,126,59,109,102,101,82,87,60,69,36,55,29,33,-13,-17,6,8,23,64,60,60,43,60,66,61,57,77,83,83,81,83,80,81,70,74,71,78,72,79,72,78,78,78,78,78,78,78,78,78,81,95,95,95,62,95,62,62,56,62,56,56,56,85,56,56]} 1. e4 e6 2. d4 d5 3. Nd2 Be7 4. Bd3 Nf6 5. e5 Nfd7 6. Qg4 O-O 7. Ndf3 f5 8. Qg3 c5 9. c3 Kh8 10. h4 cxd4 11. cxd4 Qa5+ 12. Bd2 Bb4 13. Ne2 Nc6 14. h5 Bxd2+ 15. Nxd2 Nb4 16. Nf4 Nxd3+ 17. Qxd3 Re8 18. Qg3 Nf8 19. h6 g6 20. Nh5 Bd7 21. Qg5 Qd8 22. Nf6 Bb5 23. Nf3 Re7 24. Qd2 Nd7 25. Nxd7 Qxd7 26. Rc1 Rc8 27. Ng5 Ree8 28. Rh3 Ba6 29. Rxc8 Rxc8 30. Rc3 b6 31. Rxc8+ Qxc8 32. Qc3 Kg8 33. Qxc8+ Bxc8 34. Kd2 Bd7 35. Kc3 Kh8 36. f4 Kg8 37. b4 b5 38. a3 Bc8 39. Kd3 Bd7 40. Ke3 Bc8 41. Kf3 Bd7 42. Kg3 Bc8 43. Kh4 Bd7 44. Nf3 Kf7 45. Kg5 Ke7 46. Nd2 Bc8 47. Nb3 Bb7 48. Nc5 Bc8 49. g3 Kf7 50. Nb3 Bb7 51. Na5 Ba8 1/2-1/2

[Event "Landesklasse Ost 2025/26"]
[Site "?"]
[Date "2026.04.26"]
[Round "9.4"]
[White "Siegemund, Joachim"]
[Black "Pietsch, Karsten"]
[Result "1/2-1/2"]
[WhiteElo "1908"]
[BlackElo "1706"]
[WhiteFideId "-1"]
[BlackFideId "-1"]
[PlyCount "54"]
[GameId "562932241423"]
[EventDate "2025.09.14"]
[EventType "team-tourn"]
[EventRounds "9"]
[SourceTitle "Thueringer Schachbund"]
[Source "ThSB"]
[SourceDate "2025.09.14"]
[SourceVersion "1"]
[SourceVersionDate "2025.09.14"]
[SourceQuality "1"]
[WhiteTeam "ESV Lok Sömmerda"]
[BlackTeam "TV 1887 Germania Hermsdorf"]

{[%evp 0,54,20,20,24,24,22,32,10,14,11,5,27,-9,21,-13,30,11,21,0,18,16,21,23,28,26,47,55,34,9,39,60,82,53,53,39,42,44,49,32,48,42,32,18,17,-10,2,-17,27,9,61,29,66,48,58,50,62]} 1. e4 e5 2. Nf3 Nc6 3. Bc4 Nf6 4. d3 Bc5 5. c3 h6 6. h3 d6 7. Nbd2 a6 8. a4 Ba7 9. Nf1 Qe7 10. Be3 O-O 11. Bxa7 Nxa7 12. Ne3 c6 13. O-O Rd8 14. Re1 Qc7 15. Qc2 Nh5 16. Kh2 Nf4 17. Bb3 Be6 18. Bxe6 Nxe6 19. g3 Nc8 20. d4 exd4 21. cxd4 Ne7 22. Rad1 Rac8 23. Rd2 Nf8 24. Kg2 b5 25. Rc1 Qd7 26. Qb3 Qe6 27. Qxe6 fxe6 1/2-1/2

[Event "Landesklasse Ost 2025/26"]
[Site "?"]
[Date "2026.04.26"]
[Round "9.6"]
[White "Weber, Jakob"]
[Black "Kretschmann, Ralph"]
[Result "1/2-1/2"]
[WhiteElo "1581"]
[BlackElo "1402"]
[WhiteFideId "-1"]
[BlackFideId "-1"]
[PlyCount "39"]
[GameId "562934720795"]
[EventDate "2025.09.14"]
[EventType "team-tourn"]
[EventRounds "9"]
[SourceTitle "Thueringer Schachbund"]
[Source "ThSB"]
[SourceDate "2025.09.14"]
[SourceVersion "1"]
[SourceVersionDate "2025.09.14"]
[SourceQuality "1"]
[WhiteTeam "ESV Lok Sömmerda"]
[BlackTeam "TV 1887 Germania Hermsdorf"]

{[%evp 0,39,32,14,62,60,63,63,55,31,44,49,35,31,75,54,59,34,46,52,53,53,49,31,67,26,66,35,59,57,58,1,46,26,7,-5,4,9,39,47,43,52]} 1. d4 f5 2. Bf4 Nf6 3. Nf3 e6 4. c4 Be7 5. Nc3 O-O 6. e3 c6 7. Bd3 d6 8. Qc2 Nbd7 9. h3 Nh5 10. Bh2 g6 11. O-O-O Rf7 12. Ne1 Ndf6 13. f3 Qf8 14. g4 Ng7 15. e4 f4 16. Ng2 Nd7 17. Rde1 e5 18. d5 Kh8 19. Bg1 Nc5 20. Bxc5 1/2-1/2

[Event "Landesklasse Ost 2025/26"]
[Site "?"]
[Date "2026.04.26"]
[Round "9.1"]
[White "Liebold, Aaron"]
[Black "Röder, Bastian"]
[Result "1/2-1/2"]
[WhiteElo "2115"]
[BlackElo "1876"]
[WhiteFideId "-1"]
[BlackFideId "-1"]
[PlyCount "45"]
[GameId "562938217499"]
[EventDate "2025.09.14"]
[EventType "team-tourn"]
[EventRounds "9"]
[SourceTitle "Thueringer Schachbund"]
[Source "ThSB"]
[SourceDate "2025.09.14"]
[SourceVersion "1"]
[SourceVersionDate "2025.09.14"]
[SourceQuality "1"]
[WhiteTeam "ESV Gera"]
[BlackTeam "SC Rochade Zeulenroda"]

{[%evp 0,45,32,24,71,64,75,67,64,44,63,52,41,35,34,32,42,40,49,14,38,27,24,29,23,-14,-2,-10,-7,-10,-9,-24,-31,-9,-21,-20,-12,-31,-30,-33,-24,-59,-50,-82,-97,-104,-108,-246]} 1. e4 d6 2. d4 Nf6 3. Nc3 Nbd7 4. Bc4 e5 5. Nf3 Be7 6. Be3 O-O 7. h3 c6 8. a4 Qc7 9. Bb3 exd4 10. Bxd4 Ne5 11. Qe2 b6 12. g4 Nxf3+ 13. Qxf3 Be6 14. g5 Nd7 15. Bxe6 fxe6 16. Qg4 e5 17. Be3 Nc5 18. O-O-O Qd7 19. Qh5 Qe6 20. Rhg1 g6 21. Qh4 Rf3 22. Rg3 Raf8 23. b3 1/2-1/2

[Event "Landesklasse Ost 2025/26"]
[Site "?"]
[Date "2026.04.26"]
[Round "9.2"]
[White "Prütting, Marcus"]
[Black "Puschendorf, Steffen"]
[Result "0-1"]
[WhiteElo "1909"]
[BlackElo "2023"]
[WhiteFideId "-1"]
[BlackFideId "-1"]
[PlyCount "68"]
[GameId "562939121413"]
[EventDate "2025.09.14"]
[EventType "team-tourn"]
[EventRounds "9"]
[SourceTitle "Thueringer Schachbund"]
[Source "ThSB"]
[SourceDate "2025.09.14"]
[SourceVersion "1"]
[SourceVersionDate "2025.09.14"]
[SourceQuality "1"]
[WhiteTeam "SC Rochade Zeulenroda"]
[BlackTeam "ESV Gera"]

{[%evp 0,68,15,13,36,6,25,16,43,36,23,23,31,32,21,-6,16,14,26,-19,-8,-11,-11,-14,-6,-36,-50,-55,-40,-86,-64,-61,-48,-70,-37,-84,-116,-99,-149,-141,-154,-128,-128,-116,-159,-107,-114,-193,-215,-232,-396,-406,-15,-33,-8,-6,-14,-51,-103,-371,-389,-387,-262,-713,-1055,-1395,-1465,-29987,-850,-873,-887]} 1. d4 e6 2. c4 b6 3. a3 f5 4. Nc3 Bb7 5. Nf3 Nf6 6. Bf4 Be7 7. h3 O-O 8. e3 Ne4 9. Qc2 Bf6 10. Bd3 Nxc3 11. Qxc3 d6 12. Be2 Nd7 13. Rd1 Qe7 14. Qd2 Rae8 15. O-O g5 16. Bg3 Qg7 17. b4 h5 18. Ne1 h4 19. Bh2 g4 20. hxg4 fxg4 21. Bf4 e5 22. dxe5 Bxe5 23. Bxe5 Nxe5 24. Qd4 h3 25. gxh3 Bf3 26. Bxf3 Rxf3 27. hxg4 Rh3 28. Kg2 Qh6 29. Qf4 Qh4 30. g5 Ng4 31. Rd5 Rh2+ 32. Kf3 Qh3+ 33. Qg3 Rf8+ 34. Ke4 Nxf2+ 0-1

[Event "Landesklasse Ost 2025/26"]
[Site "?"]
[Date "2026.04.26"]
[Round "9.3"]
[White "Hilbig, Dieter"]
[Black "Fuchs, Antje"]
[Result "0-1"]
[WhiteElo "1793"]
[BlackElo "1908"]
[WhiteFideId "-1"]
[BlackFideId "-1"]
[PlyCount "36"]
[GameId "562941530078"]
[EventDate "2025.09.14"]
[EventType "team-tourn"]
[EventRounds "9"]
[SourceTitle "Thueringer Schachbund"]
[Source "ThSB"]
[SourceDate "2025.09.14"]
[SourceVersion "1"]
[SourceVersionDate "2025.09.14"]
[SourceQuality "1"]
[WhiteTeam "ESV Gera"]
[BlackTeam "SC Rochade Zeulenroda"]

{[%evp 0,36,15,15,51,43,36,29,45,38,28,42,25,-1,77,-10,-4,-6,-6,-47,0,3,20,-76,-72,-127,-148,-125,-98,-97,-123,-144,-168,-146,-134,-138,-161,-455,-459]} 1. e4 c5 2. Nc3 Nc6 3. f4 g6 4. Nf3 Bg7 5. Bb5 Nd4 6. O-O e6 7. a3 Ne7 8. e5 a6 9. Bc4 b5 10. Bd3 d5 11. exd6 Qxd6 12. Ng5 f5 13. Be2 O-O 14. d3 b4 15. Nb1 Nd5 16. Bf3 Rb8 17. Bxd5 Qxd5 18. c3 Nb3 0-1

[Event "Landesklasse Ost 2025/26"]
[Site "?"]
[Date "2026.04.26"]
[Round "9.4"]
[White "Läßiger, Helko"]
[Black "Kupper, Matthias"]
[Result "1/2-1/2"]
[WhiteElo "1691"]
[BlackElo "1729"]
[WhiteFideId "-1"]
[BlackFideId "-1"]
[PlyCount "22"]
[GameId "562943358263"]
[EventDate "2025.09.14"]
[EventType "team-tourn"]
[EventRounds "9"]
[SourceTitle "Thueringer Schachbund"]
[Source "ThSB"]
[SourceDate "2025.09.14"]
[SourceVersion "1"]
[SourceVersionDate "2025.09.14"]
[SourceQuality "1"]
[WhiteTeam "SC Rochade Zeulenroda"]
[BlackTeam "ESV Gera"]

{[%evp 0,22,15,15,43,31,43,27,27,44,25,-36,16,11,31,42,47,56,36,37,37,35,38,45,37]} 1. e4 c5 2. Nf3 Nc6 3. d4 cxd4 4. Nxd4 Nf6 5. f3 d6 6. c4 e5 7. Nc2 Be7 8. Nc3 O-O 9. Be3 Be6 10. Be2 Nd7 11. O-O f5 1/2-1/2

[Event "Landesklasse Ost 2025/26"]
[Site "?"]
[Date "2026.04.26"]
[Round "9.5"]
[White "Wille, Carsten"]
[Black "Barth, Christian"]
[Result "1/2-1/2"]
[WhiteElo "1618"]
[BlackElo "1707"]
[WhiteFideId "-1"]
[BlackFideId "-1"]
[PlyCount "88"]
[GameId "562943837601"]
[EventDate "2025.09.14"]
[EventType "team-tourn"]
[EventRounds "9"]
[SourceTitle "Thueringer Schachbund"]
[Source "ThSB"]
[SourceDate "2025.09.14"]
[SourceVersion "1"]
[SourceVersionDate "2025.09.14"]
[SourceQuality "1"]
[WhiteTeam "ESV Gera"]
[BlackTeam "SC Rochade Zeulenroda"]

{[%evp 0,88,15,10,10,17,14,14,1,2,0,-4,1,10,45,24,50,43,34,52,61,82,91,6,65,47,130,150,129,77,76,73,305,120,102,94,86,96,104,85,89,87,105,105,94,88,99,99,89,93,133,91,84,59,76,11,75,56,85,57,207,194,172,112,184,161,658,78,406,168,524,233,29985,29986,29987,29984,29985,29982,29983,29984,29985,29986,29987,658,29991,0,0,0,0,0,0]} 1. Nf3 d5 2. d4 e6 3. g3 c5 4. Bg2 Nc6 5. O-O Nf6 6. c4 a6 7. Nc3 dxc4 8. dxc5 Qa5 9. Qa4 Qxc5 10. Be3 Qb4 11. Qc2 Rb8 12. Rfd1 b5 13. Bf4 Rb6 14. Ne5 Nxe5 15. Bxe5 Bd6 16. a3 Qc5 17. Bd4 Qc7 18. Bxb6 Qxb6 19. Ne4 Be5 20. Nxf6+ Bxf6 21. Rd2 O-O 22. Rad1 h5 23. h4 Be5 24. e3 Bc7 25. Qe4 e5 26. Bf3 g6 27. Kg2 Bf5 28. Qc6 Qa5 29. Be4 Bg4 30. f3 Bc8 31. Qf6 c3 32. bxc3 Qxc3 33. Qc6 Qa5 34. Qf6 Qxa3 35. Bxg6 Qxe3 36. Bxf7+ Kh7 37. Qg6+ Kh8 38. Qxh5+ Kg7 39. Qg6+ Kh8 40. Qf6+ Kh7 41. Qe7 Bd6 42. Rxd6 Qe2+ 43. Kg1 Qe3+ 44. Kg2 Qe2+ 1/2-1/2

[Event "Landesklasse Ost 2025/26"]
[Site "?"]
[Date "2026.04.26"]
[Round "9.7"]
[White "Meusel, Theo"]
[Black "Wiedemann, Volker"]
[Result "0-1"]
[WhiteElo "1559"]
[BlackElo "1773"]
[WhiteFideId "-1"]
[BlackFideId "-1"]
[PlyCount "98"]
[GameId "564158379889"]
[EventDate "2025.09.14"]
[EventType "team-tourn"]
[EventRounds "9"]
[SourceTitle "Thueringer Schachbund"]
[Source "ThSB"]
[SourceDate "2025.09.14"]
[SourceVersion "1"]
[SourceVersionDate "2025.09.14"]
[SourceQuality "1"]
[WhiteTeam "ESV Gera"]
[BlackTeam "SC Rochade Zeulenroda"]

{[%evp 0,98,15,18,38,38,35,28,26,-12,-9,-17,-16,-28,-20,-39,-64,-37,-11,-22,-20,-22,-8,-63,-84,-67,-59,-85,-84,-101,-83,-84,-90,-90,-82,-99,-92,-91,-87,-89,-86,-95,-81,-83,-82,-83,-83,-94,-85,-185,-84,-87,-88,-88,-87,-97,-87,-83,-83,-107,-96,-101,-103,-101,-108,-102,-94,-97,-97,-95,-97,-99,-98,-96,-87,-125,-136,-294,-337,-380,-398,-412,-434,-751,-486,-553,-575,-970,-991,-1480,-1538,-1569,-1653,-1806,-1814,-1507,-2045,-2302,-2293,-29989,-1317]} 1. e4 e6 2. d4 d5 3. exd5 exd5 4. Bf4 Bd6 5. Bxd6 Qxd6 6. c3 Nf6 7. Nf3 O-O 8. Be2 Bg4 9. O-O Re8 10. h3 Bh5 11. Ne5 Bxe2 12. Qxe2 Nbd7 13. f4 Ne4 14. Qf3 Re7 15. Qd3 Qb6 16. b3 Nxe5 17. fxe5 Rxe5 18. Nd2 Nxd2 19. Qxd2 Rae8 20. Rae1 Rxe1 21. Rxe1 Rxe1+ 22. Qxe1 Qe6 23. Qd2 f6 24. Qf4 Qc6 25. Qe3 Kf7 26. Qd3 g6 27. Qd2 Qe6 28. Qh6 Kg8 29. Qd2 Kg7 30. Kf2 Qf5+ 31. Kg1 Qe4 32. Kf2 h6 33. Qe2 Qxe2+ 34. Kxe2 f5 35. c4 c6 36. c5 a5 37. Kd3 Kf6 38. a4 f4 39. Kc3 Kf5 40. b4 Ke4 41. bxa5 g5 42. a6 bxa6 43. Kb4 Kxd4 44. Ka5 Kxc5 45. Kxa6 d4 46. a5 d3 47. Kb7 d2 48. a6 d1=Q 49. a7 Qa1 0-1

[Event "Landesklasse Ost 2025/26"]
[Site "?"]
[Date "2026.04.26"]
[Round "9.1"]
[White "Link, Moritz"]
[Black "Bemmann, Carlo"]
[Result "1-0"]
[WhiteElo "1672"]
[BlackElo "1868"]
[WhiteFideId "-1"]
[BlackFideId "-1"]
[PlyCount "43"]
[GameId "564624915583"]
[EventDate "2025.09.14"]
[EventType "team-tourn"]
[EventRounds "9"]
[SourceTitle "Thueringer Schachbund"]
[Source "ThSB"]
[SourceDate "2025.09.14"]
[SourceVersion "1"]
[SourceVersionDate "2025.09.14"]
[SourceQuality "1"]
[WhiteTeam "SV Schott Jena 2"]
[BlackTeam "SSV Vimaria 91 Weimar 2"]

{[%evp 0,43,19,21,63,55,65,60,66,18,49,-23,-7,-86,-45,-47,-57,-183,-169,-143,-123,-180,-164,-196,-49,-24,7,-148,-181,-139,-72,-77,-106,-93,-41,-77,0,6,-3,10,228,171,360,304,29995,29996]} 1. e4 c6 2. d4 d5 3. e5 Bf5 4. h4 h5 5. Bg5 Qb6 6. Bd3 Qxd4 7. Nf3 Qxb2 8. Bxf5 Qxa1 9. e6 fxe6 10. Bxe6 Nd7 11. O-O O-O-O 12. c4 Kb8 13. Qb3 Nc5 14. Qa3 Nxe6 15. Nc3 Qxf1+ 16. Kxf1 Nxg5 17. Nxg5 e5 18. Qa5 Rd7 19. cxd5 cxd5 20. Nf7 Rh7 21. Nxe5 Rd6 22. Nb5 1-0

[Event "Landesklasse Ost 2025/26"]
[Site "?"]
[Date "2026.04.26"]
[Round "9.2"]
[White "Han, Erdem"]
[Black "Bunke, Wilfried"]
[Result "1-0"]
[WhiteElo "1886"]
[BlackElo "1868"]
[WhiteFideId "-1"]
[BlackFideId "-1"]
[PlyCount "71"]
[GameId "564625772448"]
[EventDate "2025.09.14"]
[EventType "team-tourn"]
[EventRounds "9"]
[SourceTitle "Thueringer Schachbund"]
[Source "ThSB"]
[SourceDate "2025.09.14"]
[SourceVersion "1"]
[SourceVersionDate "2025.09.14"]
[SourceQuality "1"]
[WhiteTeam "SSV Vimaria 91 Weimar 2"]
[BlackTeam "SV Schott Jena 2"]

{[%evp 0,71,23,13,19,4,6,6,14,14,20,20,27,-10,27,9,37,33,46,35,20,19,20,-28,30,34,12,-5,49,34,71,61,44,38,102,113,136,84,270,80,413,385,387,388,400,203,173,198,245,267,264,269,256,261,269,238,340,270,454,388,433,355,346,349,364,345,339,325,366,372,370,375,434,381]} 1. d4 Nf6 2. c4 e6 3. Nc3 d5 4. e3 Be7 5. Nf3 O-O 6. Qc2 c6 7. Bd3 dxc4 8. Bxc4 b5 9. Be2 Bb7 10. O-O Nbd7 11. e4 a6 12. Rd1 Rc8 13. Bf4 Qb6 14. a3 a5 15. Rab1 b4 16. axb4 Qxb4 17. Ra1 Ra8 18. Nd2 Rfd8 19. Bc7 Qxd4 20. Nb3 Qb4 21. Ra4 Rdc8 22. Rxb4 axb4 23. e5 Rxc7 24. exf6 Nxf6 25. Nb5 Rd7 26. Rxd7 Nxd7 27. h3 Nf6 28. N5d4 Rc8 29. Bf3 Nd5 30. Nc5 Ba8 31. g3 g6 32. Qc4 Rd8 33. Nc2 Bf6 34. b3 Bc3 35. Na6 Bb7 36. Naxb4 1-0

[Event "Landesklasse Ost 2025/26"]
[Site "?"]
[Date "2026.04.26"]
[Round "9.3"]
[White "Seifert, Michael"]
[Black "Gräf, Michael"]
[Result "1/2-1/2"]
[WhiteElo "1809"]
[BlackElo "1849"]
[WhiteFideId "-1"]
[BlackFideId "-1"]
[PlyCount "91"]
[GameId "564626762287"]
[EventDate "2025.09.14"]
[EventType "team-tourn"]
[EventRounds "9"]
[SourceTitle "Thueringer Schachbund"]
[Source "ThSB"]
[SourceDate "2025.09.14"]
[SourceVersion "1"]
[SourceVersionDate "2025.09.14"]
[SourceQuality "1"]
[WhiteTeam "SV Schott Jena 2"]
[BlackTeam "SSV Vimaria 91 Weimar 2"]

{[%evp 0,91,24,10,17,-2,23,17,17,17,18,-29,0,-1,-16,-49,-44,-54,-29,-29,-27,-38,-30,-27,-19,-18,-20,-11,-15,-19,-11,-24,2,-38,43,23,106,111,115,121,113,46,5,-56,-49,-45,10,-106,-106,-111,-67,-71,-79,-71,-72,-149,-137,-141,-106,-104,-94,-93,-101,-103,-70,-78,-78,-66,-70,-79,-43,-85,-87,-89,-67,-89,-19,-12,-11,-11,-11,-10,-9,-9,-9,-24,-13,-12,-11,-11,-11,-10,-8,-9]} 1. Nf3 Nf6 2. g3 g6 3. Bg2 Bg7 4. d4 O-O 5. b3 c5 6. Bb2 cxd4 7. Bxd4 Nc6 8. Bb2 d5 9. O-O Re8 10. Nbd2 e5 11. e3 Bg4 12. h3 Bxf3 13. Nxf3 Rc8 14. Rc1 a6 15. c4 e4 16. Bxf6 Qxf6 17. Nd2 Nb4 18. cxd5 Rxc1 19. Qxc1 Nxa2 20. Qc4 b5 21. Qc6 Qxc6 22. dxc6 Nc3 23. f3 Rc8 24. Nxe4 Rxc6 25. f4 Nxe4 26. Bxe4 Re6 27. Bc2 Rxe3 28. Kg2 f5 29. Rf3 Re2+ 30. Rf2 Re1 31. Rf1 Rxf1 32. Kxf1 Kf7 33. Ke2 Ke6 34. Kd3 Kd5 35. g4 fxg4 36. hxg4 Bh6 37. f5 Bg5 38. fxg6 hxg6 39. Ke2 Kd4 40. Bxg6 Kc3 41. Bf7 a5 42. Be6 a4 43. bxa4 bxa4 44. Bf7 a3 45. Be6 Kc2 46. Kf3 1/2-1/2

[Event "Landesklasse Ost 2025/26"]
[Site "?"]
[Date "2026.04.26"]
[Round "9.4"]
[White "Reichardt, Albert"]
[Black "Nageler, Laurenz"]
[Result "1-0"]
[WhiteElo "1784"]
[BlackElo "1773"]
[WhiteFideId "-1"]
[BlackFideId "-1"]
[PlyCount "81"]
[GameId "564627624833"]
[EventDate "2025.09.14"]
[EventType "team-tourn"]
[EventRounds "9"]
[SourceTitle "Thueringer Schachbund"]
[Source "ThSB"]
[SourceDate "2025.09.14"]
[SourceVersion "1"]
[SourceVersionDate "2025.09.14"]
[SourceQuality "1"]
[WhiteTeam "SSV Vimaria 91 Weimar 2"]
[BlackTeam "SV Schott Jena 2"]

{[%evp 0,81,18,18,43,66,46,47,25,15,33,33,18,25,14,4,12,4,38,68,60,56,68,72,66,-10,4,4,9,3,11,-43,-2,-6,37,60,269,278,280,291,290,284,298,294,301,297,310,310,325,325,339,350,395,423,443,453,443,396,655,679,701,730,734,741,754,570,684,665,727,732,1718,1478,28323,29988,29989,29990,29991,29992,29993,29994,29995,29996,29997,29998]} 1. e4 c5 2. Nf3 Nc6 3. d4 cxd4 4. Nxd4 Nf6 5. Nc3 e6 6. Bg5 Bb4 7. Nxc6 bxc6 8. Qf3 O-O 9. e5 Qa5 10. Bxf6 gxf6 11. exf6 Kh8 12. Bd3 Bxc3+ 13. bxc3 Qxc3+ 14. Ke2 Qe5+ 15. Kd2 Qg5+ 16. Kd1 d5 17. h4 Qg8 18. Rh3 e5 19. Rg3 e4 20. Bxe4 dxe4 21. Rxg8+ Rxg8 22. Qxe4 Bh3 23. g3 Rge8 24. Qf4 Rad8+ 25. Kc1 Rd5 26. Qh6 Rg8 27. Rb1 Bc8 28. Rb3 Rg6 29. Qf8+ Rg8 30. Qxf7 Rd7 31. Qc4 Rf8 32. g4 Rd6 33. g5 Be6 34. Qc5 Rfd8 35. Qxd6 Rxd6 36. Rb8+ Bg8 37. f7 Rg6 38. f8=Q a5 39. h5 Rxg5 40. Qf6+ Rg7 41. h6 1-0

[Event "Landesklasse Ost 2025/26"]
[Site "?"]
[Date "2026.04.26"]
[Round "9.5"]
[White "Pähtz, Wolfgang"]
[Black "Bock, Leonas"]
[Result "1-0"]
[WhiteElo "1903"]
[BlackElo "1808"]
[WhiteFideId "-1"]
[BlackFideId "-1"]
[PlyCount "57"]
[GameId "564853454427"]
[EventDate "2025.09.14"]
[EventType "team-tourn"]
[EventRounds "9"]
[SourceTitle "Thueringer Schachbund"]
[Source "ThSB"]
[SourceDate "2025.09.14"]
[SourceVersion "1"]
[SourceVersionDate "2025.09.14"]
[SourceQuality "1"]
[WhiteTeam "SV Schott Jena 2"]
[BlackTeam "SSV Vimaria 91 Weimar 2"]

{[%evp 0,57,18,-23,30,34,45,43,43,10,-22,-20,-23,-14,12,7,6,-39,-22,-15,-11,-9,-31,-25,-19,-10,-15,-31,-7,-22,4,-9,23,23,39,51,55,50,73,62,71,54,61,30,26,21,34,18,24,35,46,51,412,412,430,426,422,380,372,386]} 1. c4 c6 2. Nf3 d5 3. e3 Nf6 4. b3 Bf5 5. Bb2 Nbd7 6. Be2 h6 7. O-O e6 8. Ne5 Nxe5 9. Bxe5 Bd6 10. Bxd6 Qxd6 11. d4 O-O 12. Nd2 Rac8 13. c5 Qc7 14. Rc1 b6 15. b4 bxc5 16. Rxc5 Nd7 17. Ra5 Rb8 18. Qa4 Nb6 19. Qa3 Nc8 20. Rc1 Qb6 21. b5 cxb5 22. Rxb5 Qd6 23. Rbc5 Ne7 24. Nb3 Rbc8 25. h3 Nc6 26. Qa6 Qd7 27. Rxc6 Rxc6 28. Qxc6 Qxc6 29. Rxc6 1-0